Central Library and Information Centre
Sibsagar Girls' College, Sivasagar : Assam

COMPUTER GRAPHICS (Record no. 22441)

MARC details
000 -LEADER
fixed length control field 00472cam a2200193ua 4500
008 - FIXED-LENGTH DATA ELEMENTS--GENERAL INFORMATION
fixed length control field 180306n2016 II |||gr||||Z||||||eng
040 ## - CATALOGING SOURCE
Original cataloging agency MAIN
041 ## - LANGUAGE CODE
-- English
082 ## - DEWEY DECIMAL CLASSIFICATION NUMBER
Classification number 006.6 CHO
100 ## - MAIN ENTRY--PERSONAL NAME
Personal name CHOPRA, RAJIV,
Relator term AUTHOR.
245 1# - TITLE STATEMENT
Title COMPUTER GRAPHICS
250 ## - EDITION STATEMENT
Edition statement 4TH REV.
260 ## - PUBLICATION, DISTRIBUTION, ETC.
Place of publication, distribution, etc. NEW DELHI
Name of publisher, distributor, etc. S.CHAND & COMPANY
Date of publication, distribution, etc. 2016
300 ## - PHYSICAL DESCRIPTION
Extent 665:
Dimensions 21CM+
Accompanying material PB.
500 ## - GENERAL NOTE
General note RUSA MDC GRANT 2014-2017
942 ## - ADDED ENTRY ELEMENTS (KOHA)
Koha item type Books
653 ## - INDEX TERM--UNCONTROLLED
Uncontrolled term Computer Graphics
Holdings
Withdrawn status Lost status Damaged status Not for loan Collection code Home library Current library Shelving location Date acquired Full call number Barcode Date last seen Copy number Price effective from Koha item type
        Reference book of Computer Science Central Library and Information Centre Sibsagar Girls College Central Library and Information Centre Sibsagar Girls College COMPUTER SC BOOK RACK 29.08.2017 006.6 CHO 34885 27.02.2020 1 27.02.2020 Books
        Reference book of Computer Science Central Library and Information Centre Sibsagar Girls College Central Library and Information Centre Sibsagar Girls College COMPUTER SC BOOK RACK 29.08.2017 006.6 CHO 34886 27.02.2020 2 27.02.2020 Books
        Reference book of Computer Science Central Library and Information Centre Sibsagar Girls College Central Library and Information Centre Sibsagar Girls College COMPUTER SC BOOK RACK 29.08.2017 006.6 CHO 34887 27.02.2020 3 27.02.2020 Books


Sibsagar Girl's College © 2020. All rights reserved.
Powered by Koha.
Maintained by Abhijit Borpuzari.